| 000 | 00902nam a22002297a 4500 | ||
|---|---|---|---|
| 999 |
_c1011 _d1011 |
||
| 003 | AR-CdUCM | ||
| 008 | 190226b ||||| |||| 00| 0 spa d | ||
| 040 |
_aMUNICIPALIDAD PROVINCIAL DEL CUSCO _cBIBLIOTECA MUNICIPAL DEL CUSCO |
||
| 082 |
_a363.88 / _bP88 |
||
| 100 |
_aPrudencio, Julio _93931 |
||
| 245 | _aMujer y donaciones de alimentos / | ||
| 260 |
_aLa Paz : _bCERES - PMA , _c1987. |
||
| 300 |
_a187 páginas ; _c20 cm. |
||
| 440 |
_aSeguridad alimentaria _n2 _93932 |
||
| 505 | _aEfectos de las donaciones de alimentos a nivel familiar -- donaciones alimentarias y consumos -- donaciones alimentarias y fuentes de ingreso -- donaciones alimentarias e ingresos y gastos... | ||
| 650 |
_aSeguridad alimentaria. _93933 |
||
| 650 |
_aMujer y alimentos. _93934 |
||
| 650 |
_aDonaciones alimentarias. _93935 |
||
| 700 |
_aVelasco, Monica _93936 |
||
| 942 |
_2ddc _cLIBROS |
||
| 945 |
_awfj _d2019-02-26 |
||